Regulačné bariéry pre hospodársku súťaž

Oblasť regulačných bariér pre hospodársku súťaž v transformujúcich sa krajinách. Vývoj názorov na konkurenčné bariéry v teoretických štúdiách. Tri skupiny konkurenčných bariér: štrukturálne, strategické, regulačné. Pojem regulačné bariéry. Vnímanie regulačných bariér podnikateľmi. Porovnanie výsledk...

ver descrição completa

Na minha lista:
Detalhes bibliográficos
Autor principal: Zemanovičová, Daniela
Outros Autores: Jurzyca, Eugen
Formato: Capítulo de Livro
Idioma:eslovaco
Assuntos:
Tags: Adicionar Tag
Sem tags, seja o primeiro a adicionar uma tag!

MARC

LEADER 00000naa a2200000 4500
001 r035155
005 20231002094827.6
041 0 |a slo 
044 |a CZ 
245 1 0 |a Regulačné bariéry pre hospodársku súťaž  |c Daniela Zemanovičová, Eugen Jurzyca 
520 |a Oblasť regulačných bariér pre hospodársku súťaž v transformujúcich sa krajinách. Vývoj názorov na konkurenčné bariéry v teoretických štúdiách. Tri skupiny konkurenčných bariér: štrukturálne, strategické, regulačné. Pojem regulačné bariéry. Vnímanie regulačných bariér podnikateľmi. Porovnanie výsledkov zo Slovenska, Česka, Maďarska a Poľska. 
610 2 0 |a súťaž hospodárska 
610 2 0 |a konkurencia 
610 2 0 |a pojmy 
610 2 0 |a teórie ekonomické 
610 2 0 |a podnikatelia 
610 2 0 |a regulácia 
610 2 0 |a transformácia 
610 2 0 |a SVE 
100 1 |a Zemanovičová, Daniela 
700 1 |a Jurzyca, Eugen